<?xml version="1.0" encoding="UTF-8"?><?xml-stylesheet type="text/xsl" href="static/style.xsl"?><OAI-PMH xmlns="http://www.openarchives.org/OAI/2.0/" xmlns:xsi="http://www.w3.org/2001/XMLSchema-instance" xsi:schemaLocation="http://www.openarchives.org/OAI/2.0/ http://www.openarchives.org/OAI/2.0/OAI-PMH.xsd"><responseDate>2026-06-01T01:10:47Z</responseDate><request verb="GetRecord" identifier="oai:riuma.uma.es:10630/36997" metadataPrefix="marc">https://riuma.uma.es/rest/oai/request</request><GetRecord><record><header><identifier>oai:riuma.uma.es:10630/36997</identifier><datestamp>2026-02-03T10:59:26Z</datestamp><setSpec>com_10630_2254</setSpec><setSpec>col_10630_37953</setSpec></header><metadata><record xmlns="http://www.loc.gov/MARC21/slim" xmlns:dcterms="http://purl.org/dc/terms/" xmlns:doc="http://www.lyncode.com/xoai" xmlns:xsi="http://www.w3.org/2001/XMLSchema-instance" xsi:schemaLocation="http://www.loc.gov/MARC21/slim http://www.loc.gov/standards/marcxml/schema/MARC21slim.xsd">
   <leader>00925njm 22002777a 4500</leader>
   <datafield ind2=" " ind1=" " tag="042">
      <subfield code="a">dc</subfield>
   </datafield>
   <datafield ind2=" " ind1=" " tag="720">
      <subfield code="a">Hidalgo-López, José Antonio</subfield>
      <subfield code="e">author</subfield>
   </datafield>
   <datafield ind2=" " ind1=" " tag="720">
      <subfield code="a">Oballe-Peinado, Óscar</subfield>
      <subfield code="e">author</subfield>
   </datafield>
   <datafield ind2=" " ind1=" " tag="720">
      <subfield code="a">Sánchez-Durán, José Antonio</subfield>
      <subfield code="e">author</subfield>
   </datafield>
   <datafield ind2=" " ind1=" " tag="260">
      <subfield code="c">2020-06-26</subfield>
   </datafield>
   <datafield ind2=" " ind1=" " tag="520">
      <subfield code="a">Completely eliminating crosstalk effect is the most important challenge when reading a resistive sensor array with M rows and N columns. It may require complex electronics, ranging from a large number of multiplexers and switches to use of M AC voltage sources. More measurements than those considered strictly necessary, M · N, may also be required. Thus, an implementation with multiplexers and switches uses 2 · M · N measurements, while this number rises to M · N · L in the one that uses AC voltage sources, where L is the Fourier Transform length required to obtain the sensor readings. This article presents a new circuit and readout method to eliminate crosstalk that simultaneously reduces the total number of multiplexers to M + N and the number of measurements to N · (M + 1 + (N + 1)/2). The unique source of error comes from the non-idealities of the only operational amplifier used. As an added benefit, the new circuit also reduces power consumption of the array by including a single additional resistor.</subfield>
   </datafield>
   <datafield ind1="8" ind2=" " tag="024">
      <subfield code="a">J. A. H. López, Ó. Oballe-Peinado and J. A. Sánchez-Durán, "A Proposal to Eliminate the Impact of Crosstalk on Resistive Sensor Array Readouts," in IEEE Sensors Journal, vol. 20, no. 22, pp. 13461-13470, 15 Nov.15, 2020, doi: 10.1109/JSEN.2020.3005227.</subfield>
   </datafield>
   <datafield ind1="8" ind2=" " tag="024">
      <subfield code="a">https://hdl.handle.net/10630/36997</subfield>
   </datafield>
   <datafield ind1="8" ind2=" " tag="024">
      <subfield code="a">10.1109/JSEN.2020.3005227</subfield>
   </datafield>
   <datafield tag="653" ind2=" " ind1=" ">
      <subfield code="a">Detectores</subfield>
   </datafield>
   <datafield ind2="0" ind1="0" tag="245">
      <subfield code="a">A proposal to eliminate the impact of crosstalk on resistive sensor array readouts</subfield>
   </datafield>
</record>
</metadata></record></GetRecord></OAI-PMH>